| 000 | 00447nam a2200181Ia 4500 | ||
|---|---|---|---|
| 001 | 13973 | ||
| 005 | 20260306164840.0 | ||
| 008 | 260306t2008||||xx |||||||||||||| ||spa|| | ||
| 041 | _aESP | ||
| 082 |
_a005.74 _bP44 |
||
| 100 |
_aPérez López, César _eAUT |
||
| 245 | 0 |
_aMineria de datos: _btécnicas y herramientas |
|
| 260 | _c2008 | ||
| 300 |
_axv, 789 páginas : _c24 cm. |
||
| 650 | _aGEN | ||
| 654 | _aCCC | ||
| 942 |
_cLIB _dJUS _fJUS _2ddc _n |
||
| 999 |
_c13973 _d13973 |
||